00000000cam 2200000zi 4500
0019.962846
003CaOODSP
00520260515112622
006m     o  d f      
007cr cn|||||||||
008260515s2026    onca    o    f000 0 fre d
040 |aCaOODSP|bfre|erda|cCaOODSP
043 |an-cn---
0861 |aD69-104/2026F-PDF
24500|aCélébrons deux ans : |bdécouvrez RDDC.
24613|aDécouvrez RDDC
264 1|a[Ottawa] : |bDéfense nationale = National Defence, |c[2026]
300 |a1 ressource en ligne (5 pages non numérotées) : |billustrations en couleur
336 |atexte|btxt|2rdacontent/fre
337 |ainformatique|bc|2rdamedia/fre
338 |aressource en ligne|bcr|2rdacarrier/fre
500 |aPublié aussi en anglais sous le titre : Celebrating two years: discover DRDC.
500 |aDernière page reproduite en anglais et inversée.
500 |aTitre de départ.
61026|aR et D pour la défense Canada.
650 6|aRecherche militaire|zCanada.
7102 |aR et D pour la défense Canada, |eorganisme de publication.
77508|tCelebrating two years : |w(CaOODSP)9.962756
85640|qPDF|s6.36 Mo|uhttps://publications.gc.ca/collections/collection_2026/mdn-dnd/D69-104-2026-fra.pdf